Statistics for Guess that NBA Player's Number

Click here to take the quiz!

General Stats

  • This quiz has been taken 536 times
    (534 since last reset)
  • The average score is 27 of 36

Answer Stats

Player#% Correct
LeBron James23
100%
Russell Westbrook0
89%
Kobe Bryant24
89%
Stephen Curry30
89%
James Harden13
87%
Michael Jordan23
87%
Kyrie Irving2
86%
Kevin Durant35
86%
Chris Paul3
85%
Draymond Green23
83%
Dwyane Wade3
83%
Klay Thompson11
82%
Kawhi Leonard2
82%
Paul George13
79%
Damian Lillard0
78%
Anthony Davis23
78%
Shaquille O'Neal32
78%
Blake Griffin32
75%
Carmelo Anthony7
75%
Allen Iverson3
74%
Jimmy Butler23
72%
Dirk Nowitzki41
72%
John Wall2
71%
Andrew Wiggins22
71%
Isaiah Thomas4
71%
Tim Duncan21
69%
Karl-Anthony Towns32
69%
Magic Johnson32
69%
Tony Parker9
67%
Chris Bosh1
64%
Steve Nash10
64%
Dennis Rodman91
63%
Kevin Love0
62%
Charles Barkley34
59%
Pau Gasol16
55%
Julius Erving6
55%

Score Distribution

Percentile by Number Answered

Percent of People with Each Score

Your Score History

You have not taken this quiz since the last reset